000 00364 a2200169 4500
001 58856
020 _a8516050807
040 _cAnchieta - Pituba
100 _aAdas, Melhem
240 1 0 _aGeografia, 6ª série
_lpor
245 1 0 _aGeografia, 6ª série
300 _a256
362 0 _a2006
440 1 _aModerna
650 4 _aGeografia e viagens
942 _cBK
999 _c58856
_d58856